The cosmic principle of relativity / (Record no. 82177)

MARC details
000 -LEADER
fixed length control field 00594nam a22001937a 4500
005 - DATE AND TIME OF LATEST TRANSACTION
control field 20140320114352.0
010 ## - LCCN (DPL NO)
LC control number ENG-109181
020 ## - INTERNATIONAL STANDARD BOOK NUMBER
International Standard Book Number 9788128022012
Terms of availability 300.00
035 ## - SYSTEM CONTROL NUMBER
System control number EN-92714
037 ## - SOURCE OF ACQUISITION
Source of stock number/acquisition DBAD/PUB
082 ## - DEWEY DECIMAL CLASSIFICATION NUMBER
Classification number 530.11
100 ## - MAIN ENTRY--PERSONAL NAME
Personal name Kamal Jyoti
245 ## - TITLE STATEMENT
Title The cosmic principle of relativity /
Statement of responsibility, etc by Kamal Jyoti
260 ## - PUBLICATION, DISTRIBUTION, ETC. (IMPRINT)
Name of publisher, distributor, etc Sapna Book House
Date of publication, distribution, etc 2013
Place of publication, distribution, etc Bangalore
270 ## - ADDRESS
City Bangalore
Postal code 560009
Address 3rd Main Road, Gandhinagar
300 ## - PHYSICAL DESCRIPTION
Extent xx,380p.
Dimensions 22cm(pbk)
500 ## - GENERAL NOTE
General note Includes bibliographical references and index
942 ## - ADDED ENTRY ELEMENTS (KOHA)
Source of classification or shelving scheme Dewey Decimal Classification
Item type English Books
Call number suffix KAM
Classification part 530.11
Holdings
Withdrawn status Lost status Not for loan Collection code Home library Current library Date acquired Source of acquisition Cost, normal purchase price Full call number Barcode Copy number Cost, replacement price Koha item type
    Not For Loan Non-fiction D.B.Act.Division D.B.Act.Division 27/01/2014 DBAD/PUB 300.00 530.11 KAM EN-92714 1 300.00 English Books

© Delhi Public Library
Hit Counter
free hit counter